00508nam a22001577a 450000500170000001000150001702000260003203500140005803700130007208200130008510000180009824500830011626000360019927000790023530000360031420220802111018.0 aENG-134148 a9788178243580c350.00 aEN-117680 bDBAB/PUB a305.5688 aNagaraj, D.R. aThe Flaming Feet and Other Essays:bThe Dalit Movement In India/cD.R. Nagaraj aRanikhetbPermanent Blackc2010 aHimalayana Mall Road, Ranikhet CanttbRanikhete263645mperblack@gmail.com axxviii, 254p.bIndexc21cm(pbk)